The Beatles Charting Songs (Billboard Hot Rock) - Statistics

General Stats
  • This quiz has been taken 45 times
  • The average score is 6 of 8
Answer Stats
Album Weeks On Peak Artist(s) Song % Correct
Hey Jude 2 Weeks #16 The Beatles Hey Jude
95%
Let It Be 4 Weeks #12 The Beatles Let It Be
93%
Abbey Road 5 Weeks #6 The Beatles Come Together
85%
Abbey Road 6 Weeks #3 The Beatles Here Comes the Sun
83%
Abbey Road 2 Weeks #12 The Beatles Something
80%
Help! 2 Weeks #14 The Beatles Yesterday
70%
Let It Be 1 Week #23 The Beatles Get Back
63%
1967–1970 (2023 Edition) 10 Weeks #2 The Beatles Now and Then
50%
No matching quizzes found
Score Distribution
Percent of People with Each Score
Percentile by Number Answered
Your Score History
You have not taken this quiz